Norma Chilena Oficial NCh-ISO 10012-1. Of 94: Requisitos de aseguramiento de calidad para equipos de medición - Parte 1: Sistema de confirmación metrológica del equipo de medición

Saved in:
Bibliographic Details
Corporate Authors: Instituto Nacional de Normalización (Author), INN (Author)
Format: Book
Language:Spanish
Published: Santiago INN 1994
Edition:1a. ed
Subjects:
Tags: Add Tag
No Tags, Be the first to tag this record!

MARC

LEADER 00000cam a2200000 a 4500
001 UCF0516
003 CL-VaPUC
008 120531e19940000CL |||||||||||||||||spa|d
082 0 4 |a 658.4013  |b INS  |2 21 
110 2 |a Instituto Nacional de Normalización  |e author  |9 562277 
710 2 |a INN  |e author  |9 562278 
245 1 0 |a Norma Chilena Oficial NCh-ISO 10012-1. Of 94: Requisitos de aseguramiento de calidad para equipos de medición - Parte 1: Sistema de confirmación metrológica del equipo de medición 
246 1 0 |a NCh-ISO 10012-1. Of 94: Requisitos de aseguramiento de calidad para equipos de medición - Parte 1: Sistema de confirmación metrológica del equipo de medición 
250 |a 1a. ed 
300 |a 26 p 
942 |c BK 
945 |d 20120531 00:00:00  |a cmena 
260 |a Santiago  |b INN  |c 1994 
650 0 |a Control de calidad   |9 259714 
650 0 |a Normalización  |9 262666 
650 0 |a Gestión de la producción   |9 259467 
650 7 |a EQUIPOS DE MEDICION  |2 CL-VaPUC  |9 562279 
650 7 |a METROLOGIA  |2 CL-VaPUC  |9 271765 
583 |a last modification  |c 20130308 07:46:35  |k Rodrigo Vera 
999 |c 347773  |d 347771